| 000 | 00380nam a2200157Ia 4500 | ||
|---|---|---|---|
| 008 | 151213s9999 xx 000 0 und d | ||
| 100 | _aW.B.Yeats | ||
| 245 |
_aThe Collected Plays of W.B.Yeats _cW.B.Yeats |
||
| 250 | _a1st | ||
| 260 |
_aLondon _bMacmillan and Co, Ltd _c1952 |
||
| 300 | _a4490 p. | ||
| 650 | _aEnglish | ||
| 650 | _aPlay | ||
| 700 | _aW.B.Yeats | ||
| 999 |
_c2865 _d2865 |
||